[Event "SVR-ch HT 29th"]
[Site "Koblenz"]
[Date "2006.04.15"]
[Round "7"]
[White "Schenderowitsch, Ilja"]
[Black "Farsch, Bernd"]
[Result "0-1"]
[WhiteElo "1263"]
[BlackElo "1397"]
[PlyCount "102"]
[EventDate "2006.04.08"]
[EventType "swiss"]
[EventRounds "7"]
[EventCountry "GER"]
[SourceTitle "EXT 2009"]
[Source "ChessBase"]
[SourceDate "2008.11.26"]
[SourceVersion "1"]
[SourceVersionDate "2008.11.26"]
[SourceQuality "1"]

1. e4 e5 2. Nf3 Nc6 3. Bc4 Bc5 4. b3 d6 5. Bb2 Nf6 6. Nc3 0-0 7. Nd5 Nxe4 8. 0-0 a6 9. d4 Nxd4 10. Nxd4 Bxd4 11. Bxd4 exd4 12. Qxd4 Nc5 13. Nf4 Ne6 14. Nxe6 Bxe6 15. Bxe6 fxe6 16. Qe4 Qd7 17. Rae1 Rf6 18. Re2 Kh8 19. Qg4 Rd8 20. Rfe1 e5 21. Qe4 Qc6 22. Qxc6 bxc6 23. Re4 c5 24. Ra4 Ra8 25. Ree4 Kg8 26. Ra5 Rf4 27. Rxf4 exf4 28. a3 h6 29. b4 cxb4 30. axb4 g5 31. b5 Re8 32. f3 axb5 33. Rxb5 Re2 34. c4 Rc2 35. Rb4 Kf7 36. Kf1 Ke6 37. Rb8 Rxc4 38. Rh8 Kf5 39. Rxh6 d5 40. Ke2 Rc2+ 41. Kf1 d4 42. Rh8 c5 43. Rd8 Ke6 44. Rg8 Kf6 45. Rd8 Rc1+ 46. Kf2 Rc3 47. Rd5 d3 48. Ke1 c4 49. Kd1 Rc2 50. Rd4 Ke5 51. Re4+ Kd5 0-1